| 000 | 00563nam a2200181Ia 4500 | ||
|---|---|---|---|
| 008 | 090630s9999 xx 000 0 und d | ||
| 082 | _b18871 | ||
| 100 | _aपटवर्धन विश्वास. | ||
| 245 |
_aदमा. _cपटवर्धन विश्वास. |
||
| 260 |
_bघरकुल - पुणे. _c1995 |
||
| 300 | _a48 | ||
| 600 | _aपटवर्धन विश्वास. | ||
| 630 | _aदमा. | ||
| 655 | _aइतर. | ||
| 700 | _aपटवर्धन विश्वास. | ||
| 730 | _aदमा. | ||
| 942 | _cBOOK | ||
| 999 |
_c270727 _d270727 |
||